| 000 | 00897nam a22002777a 4500 | ||
|---|---|---|---|
| 001 | BR0204547 | ||
| 003 | BR-BrBNA | ||
| 005 | 20240123093542.0 | ||
| 007 | ta | ||
| 008 | 230509b bl.||||| |||| 00| 0 por d | ||
| 040 |
_aBR-BrBNA _bpor _cBiblioteca Nacional de Agricultura |
||
| 041 | _a(Por) | ||
| 072 | _aA01; E14 | ||
| 090 |
_aA01 _bBR0204547 |
||
| 110 | 1 |
_aAssociação dos Engenheiros Agrônomos de Goiás, Goiânia (Brasil) _9950 |
|
| 111 | 1 |
_a1. Congresso dos Engenheiros Agrônomos de Goiás _cRio Verde, GO (Brazil) _d18-19 Oct 2001 |
|
| 245 | 1 | _aAnais do 1. Congresso dos Engenheiros Agrônomos; o engenheiro agrônomo e o desenvolvimento sustentável | |
| 260 | 3 |
_aRio Verde, GO (Brasil): _c2001. |
|
| 300 | _a37 p. | ||
| 650 | _aAGRONOMIA | ||
| 650 | _aAGRÔNOMO | ||
| 650 | _aDESENVOLVIMENTO SUSTENTÁVEL | ||
| 650 | _aAGRIBUSINESS | ||
| 650 | _aGOIÁS | ||
| 942 |
_cBK _2AGRIS |
||
| 999 |
_c64525 _d64525 |
||